| 000 | 01106nam a2200337Ia 4500 | ||
|---|---|---|---|
| 001 | dia_1463 | ||
| 003 | CHAP | ||
| 005 | 20251023171610.0 | ||
| 008 | 220117s2011 xx 000 0 und d | ||
| 010 | _a172003 | ||
| 020 | _a978-607-17-0887-8 | ||
| 040 | _cCHAP | ||
| 082 | _a664.92 P35 2011 | ||
| 100 |
_aPaltrinieri, Gaetano _985035 |
||
| 245 |
_aTaller de carne / _c Gaetano Paltrinieri ; colaboración Marco R. Mayer...[et al.] |
||
| 250 | _a3a ed. | ||
| 260 |
_aMéxico : _b SEP :, _b Trillas, _c2011 |
||
| 300 | _a87 p. | ||
| 440 |
_aManuales para la educación agropecuaria. Área Industrias rurales _9150812 |
||
| 504 | _aBibliografía: p. 87-[88] | ||
| 590 | _aTS1960 P35 2011 | ||
| 650 |
_aCarne _xManuales _9150813 |
||
| 650 |
_aIndustria del ganado y de la carne _9147937 |
||
| 650 |
_aLivestock and meat industry _9147938 |
||
| 650 |
_aMeat _xManuals, textbooks, etc. _9150814 |
||
| 700 |
_aMeyer, Marco R., colab. _9140320 |
||
| 901 | _a664.92 P35 2011 | ||
| 902 | _aM | ||
| 905 | _a5232272011 mx ae 8222223322spa16 | ||
| 942 |
_cLIBRO _2ddc |
||
| 999 |
_c172003 _d172003 |
||